Countries Katy Perry has Visited - Statistics

General Stats
  • This quiz has been taken 12 times
  • The average score is 50 of 64
Answer Stats
Continent Country % Correct
South America Argentina
100%
Oceania Australia
100%
Europe Austria
100%
South America Brazil
100%
North America Canada
100%
Asia China
100%
Europe France
100%
Europe Germany
100%
Europe Greece
100%
Asia Japan
100%
North America Mexico
100%
Europe Portugal
100%
Asia/ Russia Russia
100%
Europe Spain
100%
Europe Sweden
100%
Europe United Kingdom
100%
North America United States of America
100%
Europe Belgium
89%
North America Cuba
89%
Europe Denmark
89%
Africa Egypt
89%
Europe Finland
89%
Asia India
89%
Asia Indonesia
89%
Europe Italy
89%
Oceania New Zealand
89%
Europe Norway
89%
South America Peru
89%
Europe the Netherlands
89%
Asia Vietnam
89%
South America Chile
78%
South America Colombia
78%
Europe Croatia
78%
Europe Czech Republic
78%
Europe Iceland
78%
Europe Ireland
78%
Europe Luxembourg
78%
North America Panama
78%
Europe Poland
78%
Asia Singapore
78%
Europe Slovakia
78%
Asia South Korea
78%
Europe Switzerland
78%
Asia Thailand
78%
Asia/ Europe Turkey
78%
North America Barbados
67%
Europe Hungary
67%
Europe Monaco
67%
Africa Morocco
67%
Africa South Africa
67%
Europe Vatican City
67%
North America Jamaica
56%
Europe Latvia
56%
Asia Saudi Arabia
56%
North America the Bahamas
56%
Asia United Arab Emirates
56%
South America Uruguay
56%
Asia Qatar
44%
North America Costa Rica
33%
Asia Malaysia
33%
Asia Taiwan
33%
Asia the Philippines
33%
Africa Madagascar
22%
Asia the Maldives
22%
No matching quizzes found
Score Distribution
Percent of People with Each Score
Percentile by Number Answered
Your Score History
You have not taken this quiz